<?xml version="1.0" encoding="UTF-8"?>
<record
    xmlns:xsi="http://www.w3.org/2001/XMLSchema-instance"
    xsi:schemaLocation="http://www.loc.gov/MARC21/slim http://www.loc.gov/standards/marcxml/schema/MARC21slim.xsd"
    xmlns="http://www.loc.gov/MARC21/slim">

  <leader>02313nam a22002297a 4500</leader>
  <controlfield tag="005">20250808140434.0</controlfield>
  <controlfield tag="008">220303b           ||||| |||| 00| 0 eng d</controlfield>
  <datafield tag="020" ind1=" " ind2=" ">
    <subfield code="a">9789387572973</subfield>
  </datafield>
  <datafield tag="040" ind1=" " ind2=" ">
    <subfield code="c">AL</subfield>
  </datafield>
  <datafield tag="041" ind1=" " ind2=" ">
    <subfield code="a">English</subfield>
  </datafield>
  <datafield tag="082" ind1=" " ind2=" ">
    <subfield code="2">23</subfield>
    <subfield code="a">621.395</subfield>
    <subfield code="b">GOLA</subfield>
  </datafield>
  <datafield tag="100" ind1=" " ind2=" ">
    <subfield code="a">Farid Golnaraghi </subfield>
    <subfield code="9">234703</subfield>
  </datafield>
  <datafield tag="245" ind1=" " ind2=" ">
    <subfield code="a">Automatic Control Systems Ed 10</subfield>
  </datafield>
  <datafield tag="250" ind1=" " ind2=" ">
    <subfield code="a">10</subfield>
  </datafield>
  <datafield tag="260" ind1=" " ind2=" ">
    <subfield code="a">Chennai</subfield>
    <subfield code="b">McGraw Hill education (India) Private Limited</subfield>
    <subfield code="c">2018</subfield>
  </datafield>
  <datafield tag="300" ind1=" " ind2=" ">
    <subfield code="a">xvii,846 p.</subfield>
    <subfield code="b">PB</subfield>
    <subfield code="c">26x20 cm..</subfield>
  </datafield>
  <datafield tag="365" ind1=" " ind2=" ">
    <subfield code="a">MLSH21CRB337</subfield>
    <subfield code="b">&#x20B9;828.00</subfield>
    <subfield code="c">&#x20B9;</subfield>
    <subfield code="d">&#x20B9;1035.00</subfield>
    <subfield code="e">20%</subfield>
    <subfield code="f">20-02-2022</subfield>
  </datafield>
  <datafield tag="520" ind1=" " ind2=" ">
    <subfield code="a">This new edition continues a tradition of excellence with:
&#x2022; A greater number of solved examples
&#x2022; Online labs using both LEGO MINDSTORMS&#xAE; and MATLAB/SIMLab
&#x2022; Enhancements to the easy-to-use MATLAB GUI software (ACSYS) to allow interface with LEGO MINDSTORMS
&#x2022; A valuable introduction to the concept of Control Lab
&#x2022; A logical organization, with Chapters 1 to 3 covering all background material and Chapters 4 to 11 presenting material directly related to the subject of control
&#x2022; 10 online appendices, including Elementary Matrix Theory and Algebra, Control Lab, Difference Equations, and Mathematical Foundation
&#x2022; A solutions manual is available to instructors
Table of Contents:
CHAPTER 1 introduction to Control Systems 
CHAPTER 2 Modelling of Dynamic Systems 
CHAPTER 3 Solution of Differential Equations of Dynamics Systems 
CHAPTER 4 Block Diagrams and Signal-Flow Graphs
CHAPTER 5 Stability of Linear Control Systems 
CHAPTER 6 Important Components of Feedback Control Systems 
CHAPTER 7 Time-Domain Performance of Control Systems 
CHAPTER 8 State-space Analysis and controller Design 
CHAPTER 9 Root-Locus Analysis 
CHAPTER 10 Frequency-Domain Analysis 
CHAPTER 11 Design of Control System 
Appendix A: Elementary Matrix Theory and Algebra 
Appendix B: Mathematical Foundations 
Appendix C: Laplace Transform Table 
Appendix D: Control Lab 
Appendix E: ACSYS 2013: Description of the Software 
Appendix F: Properties and Construction of the Root Loci 
Appendix G: General Nyquist Criterion 
Appendix H: Discrete-Data Control Systems 
Appendix I: Difference Equations 
Appendix J: Transform Table</subfield>
  </datafield>
  <datafield tag="650" ind1=" " ind2=" ">
    <subfield code="a">Electronics</subfield>
    <subfield code="9">22462</subfield>
  </datafield>
  <datafield tag="700" ind1=" " ind2=" ">
    <subfield code="a">Kuo, Benjamin C</subfield>
    <subfield code="9">22464</subfield>
  </datafield>
  <datafield tag="942" ind1=" " ind2=" ">
    <subfield code="2">ddc</subfield>
    <subfield code="c">BK</subfield>
  </datafield>
  <datafield tag="999" ind1=" " ind2=" ">
    <subfield code="c">221675</subfield>
    <subfield code="d">221675</subfield>
  </datafield>
  <datafield tag="952" ind1=" " ind2=" ">
    <subfield code="0">0</subfield>
    <subfield code="1">0</subfield>
    <subfield code="2">ddc</subfield>
    <subfield code="4">0</subfield>
    <subfield code="7">3</subfield>
    <subfield code="8">ELE</subfield>
    <subfield code="a">AL</subfield>
    <subfield code="b">AL</subfield>
    <subfield code="c">RS</subfield>
    <subfield code="d">2022-02-24</subfield>
    <subfield code="e">Sapna Book House (P) Ltd.</subfield>
    <subfield code="g">828.00</subfield>
    <subfield code="l">0</subfield>
    <subfield code="o">621.395 GOLA</subfield>
    <subfield code="p">075516</subfield>
    <subfield code="r">2022-03-03 00:00:00</subfield>
    <subfield code="v">1035.00</subfield>
    <subfield code="w">2022-03-03</subfield>
    <subfield code="y">REF</subfield>
  </datafield>
</record>
